000 01217cam a2200301 a 4500
001 11901513
003 ARRUPE
005 20140327170121.0
008 000202b1999 sa a b 001 0deng
010 _a 00311542
020 _a0869809431 (hardback)
020 _a0869809490 (softback)
040 _aDLC
_cDLC
_dDLC
043 _ae-uk---
_af-sa---
050 0 0 _aDT1896
_b.H35 1999
082 0 0 _a968.04/8
_221
100 1 _aHall, Darrell,
_d1928-1996.
_99598
245 1 4 _aThe Hall handbook of the Anglo-Boer War, 1899-1902 /
_cby Darrell Hall ; editors, Fransjohan Pretorius, Gilbert Torlage.
260 _aPietermaritzburg :
_bUniversity of Natal Press,
_c1999.
300 _aix, 272 p. :
_bill., maps ;
_c25 cm.
504 _aIncludes bibliographical references (p. 266-268) and index.
650 0 _aSouth African War, 1899-1902.
_99599
700 1 _aPretorius, F.
_q(Fransjohan)
_99600
700 1 _aTorlage, Gilbert.
_99601
906 _a7
_bcbc
_corignew
_d3
_encip
_f20
_gy-gencatlg
942 _2lcc
_cREFERENCE
999 _c120324
_d120324